<?xml version="1.0" encoding="UTF-8"?>
<collection xmlns="http://www.loc.gov/MARC21/slim">
 <record>
  <leader>01150nam a2200229 a 4500</leader>
  <controlfield tag="001">1/53304</controlfield>
  <controlfield tag="008">210820s2010    gr            000 | gre d</controlfield>
  <datafield tag="040" ind1=" " ind2=" ">
   <subfield code="a">GR-PeUP</subfield>
  </datafield>
  <datafield tag="082" ind1="0" ind2="0">
   <subfield code="a">235.2 ΣΑΒ</subfield>
  </datafield>
  <datafield tag="100" ind1="0" ind2=" ">
   <subfield code="a">Σάββας,</subfield>
   <subfield code="c">Αγιορείτης Ιερομόναχος.</subfield>
  </datafield>
  <datafield tag="245" ind1="1" ind2="2">
   <subfield code="a">Η θεραπεία της ψυχής κατά τον γέροντα Πορφύριο /</subfield>
   <subfield code="c">Ιερομόναχου Σάββα Αγιορείτου.</subfield>
  </datafield>
  <datafield tag="250" ind1=" " ind2=" ">
   <subfield code="a">2η έκδ.</subfield>
  </datafield>
  <datafield tag="260" ind1=" " ind2=" ">
   <subfield code="a">Κερασιά, Άγιον Όρος :</subfield>
   <subfield code="b">Εκδόσεις Ιερού Κελλιού &quot;Εισόδια της Θεοτόκου&quot;,</subfield>
   <subfield code="c">2010.</subfield>
  </datafield>
  <datafield tag="300" ind1=" " ind2=" ">
   <subfield code="a">164 σ. ;</subfield>
   <subfield code="c">21 εκ.</subfield>
  </datafield>
  <datafield tag="600" ind1="1" ind2="0">
   <subfield code="a">Πορφύριος ο Καυσοκαλυβίτης Διορατικός και Θαυματουργός,</subfield>
   <subfield code="c">Όσιος,</subfield>
   <subfield code="d">1906-1991.</subfield>
  </datafield>
  <datafield tag="650" ind1=" " ind2="4">
   <subfield code="a">Χριστιανοί άγιοι</subfield>
   <subfield code="x">Βιογραφία.</subfield>
  </datafield>
  <datafield tag="650" ind1=" " ind2="4">
   <subfield code="a">Μοναχική και θρησκευτική ζωή.</subfield>
  </datafield>
  <datafield tag="650" ind1=" " ind2="4">
   <subfield code="a">Ψυχή.</subfield>
  </datafield>
  <datafield tag="650" ind1=" " ind2="0">
   <subfield code="a">Christian saints</subfield>
   <subfield code="z">Greece</subfield>
   <subfield code="x">Biography.</subfield>
  </datafield>
  <datafield tag="650" ind1=" " ind2="0">
   <subfield code="a">Monastic and religious life.</subfield>
  </datafield>
  <datafield tag="852" ind1=" " ind2=" ">
   <subfield code="a">INST</subfield>
   <subfield code="b">UNIPILB</subfield>
   <subfield code="c">MAIN</subfield>
   <subfield code="e">20210820</subfield>
   <subfield code="h">235.2 ΣΑΒ</subfield>
   <subfield code="p">00183240</subfield>
   <subfield code="q">00183240</subfield>
   <subfield code="t">LOAN</subfield>
   <subfield code="y">0</subfield>
   <subfield code="4">1</subfield>
  </datafield>
  <datafield tag="960" ind1=" " ind2=" ">
   <subfield code="a">ΜΑΡΙΑ ΒΕΛ</subfield>
  </datafield>
 </record>
</collection>
